Cómo controlar el estrés y mantener la calma en negociaciones difíciles

Shranjeno v:
Bibliografske podrobnosti
Glavni avtor: Braham, Barbara J (Author)
Format: Knjiga
Jezik:španščina
Izdano: Madrid Diorki 1994
Izdaja:1a. ed
Teme:
Oznake: Označite
Brez oznak, prvi označite!

MARC

LEADER 00000cam a2200000 a 4500
001 UCD6845
003 CL-VaPUC
008 170226e19940000sp |||||||||||||||||spa|d
020 |a 8480861533 
082 0 4 |a 302.3  |b BRA  |2 21 
100 0 |a Braham, Barbara J  |e author  |9 590688 
245 1 0 |a Cómo controlar el estrés y mantener la calma en negociaciones difíciles 
250 |a 1a. ed 
300 |a 155 p 
942 |c BK 
945 |d 20170226 00:48:00  |a dcastane 
260 |a Madrid  |b Diorki  |c 1994 
650 0 |a Negociación  |9 307187 
650 0 |a Resolución de conflictos  |9 434922 
650 7 |a ESTRES  |2 CL-VaPUC  |9 338725 
583 |a last modification  |c 20170226 00:48:00  |k Rodrigo Vera 
999 |c 367022  |d 367020 
952 |0 0  |1 0  |3 erb  |4 0  |6 302_300000000000000_BRA_1994  |7 0  |8 A  |9 481702  |a BIBENE  |b BIBENE  |i 5328071  |o 302.3 BRA 1994  |p 5328071  |r 2025-01-15  |w 2019-11-24  |y BK  |z Catalogado en:20170226  |k ICO